[Event "Bayernliga U20 1819"]
[Site "Bayern"]
[Date "2019.01.26"]
[Round "4.6"]
[White "Bruell, Elias"]
[Black "Voigt, Tobias"]
[Result "1/2-1/2"]
[WhiteElo "1759"]
[BlackElo "1714"]
[PlyCount "94"]
[EventDate "2018.11.17"]
[EventType "team-tourn"]
[EventRounds "6"]
[EventCountry "GER"]
[SourceTitle "EXT 2022"]
[Source "ChessBase"]
[SourceDate "2021.10.06"]
[SourceVersion "1"]
[SourceVersionDate "2021.10.06"]
[SourceQuality "1"]
[WhiteTeam "Regensburg Bavaria U20"]
[BlackTeam "Muenchen Suedost SK U20"]
[WhiteTeamCountry "GER"]
[BlackTeamCountry "GER"]

1. e4 e6 2. d3 d5 3. Nd2 b6 4. Ngf3 Bb7 5. g3 dxe4 6. Nxe4 Nf6 7. Qe2 Nxe4 8. dxe4 Ba6 9. c4 Bb4+ 10. Nd2 Nc6 11. a3 Bxd2+ 12. Bxd2 Nd4 13. Qd3 Qf6 14. f4 0-0-0 15. Bc3 e5 16. Rd1 c5 17. Bh3+ Kb8 18. 0-0 Qh6 19. Bg2 Qh5 20. Bf3 Nxf3+ 21. Qxf3 Qxf3 22. Rxd8+ Rxd8 23. Rxf3 exf4 24. Bxg7 fxg3 25. Rxf7 gxh2+ 26. Kxh2 Re8 27. Rf8 Rxf8 28. Bxf8 Bxc4 29. Kg3 Kc7 30. Kf4 Kd7 31. e5 Ke6 32. Bg7 h5 33. Bf6 Be2 34. Ke3 Bg4 35. Kd3 Kd5 36. Kc3 b5 37. b3 a6 38. b4 c4 39. Kd2 Ke4 40. Kc3 Ke3 41. Bg5+ Ke2 42. Bh4 Kd1 43. Bg5 Bf5 44. Kb2 h4 45. e6 Bxe6 46. Bxh4 Kd2 47. Bf6 Bf5 1/2-1/2

[Event "Landesliga U20 Sued 1314"]
[Site "Bayern"]
[Date "2014.02.15"]
[Round "7.4"]
[White "Voigt, Tobias"]
[Black "Schneider, Lucas"]
[Result "1/2-1/2"]
[WhiteElo "1551"]
[BlackElo "1214"]
[PlyCount "80"]
[EventDate "2013.11.16"]
[EventType "team-tourn"]
[EventRounds "7"]
[EventCountry "GER"]
[SourceTitle "EXT 2022"]
[Source "ChessBase"]
[SourceDate "2021.10.06"]
[SourceVersion "1"]
[SourceVersionDate "2021.10.06"]
[SourceQuality "1"]
[WhiteTeam "Muenchen Suedost SK U20 II"]
[BlackTeam "Memmingen U20"]
[WhiteTeamCountry "GER"]
[BlackTeamCountry "GER"]

1. c4 e5 2. g3 Nf6 3. Bg2 Bc5 4. e3 Nc6 5. Ne2 d6 6. Nbc3 0-0 7. 0-0 Bg4 8. Re1 Qd7 9. Qc2 Bf5 10. Ne4 Nxe4 11. Bxe4 Bxe4 12. Qxe4 a5 13. b3 Rfd8 14. d4 exd4 15. exd4 Bb6 16. Bb2 Qe8 17. Qg4 g6 18. Nf4 Qd7 19. Qxd7 Rxd7 20. Nd5 Rdd8 21. Nxb6 cxb6 22. d5 Nb4 23. Bd4 Ra6 24. Re7 Nc2 25. Rd1 Nxd4 26. Rxd4 Ra7 27. Rde4 a4 28. Re8+ Rxe8 29. Rxe8+ Kg7 30. Rd8 axb3 31. axb3 Ra3 32. Rxd6 Rxb3 33. Rd8 Rc3 34. Rb8 Rxc4 35. Rxb7 Rd4 36. Rxb6 Rxd5 37. h4 h5 38. Rb3 Kf6 39. Kg2 Rc5 40. Rb4 Kg7 1/2-1/2

[Event "Landesliga U20 Sued 1314"]
[Site "Bayern"]
[Date "2013.11.30"]
[Round "2.4"]
[White "Kaiser, Christoph"]
[Black "Voigt, Tobias"]
[Result "1/2-1/2"]
[WhiteElo "1218"]
[BlackElo "1551"]
[PlyCount "105"]
[EventDate "2013.11.16"]
[EventType "team-tourn"]
[EventRounds "7"]
[EventCountry "GER"]
[SourceTitle "EXT 2022"]
[Source "ChessBase"]
[SourceDate "2021.10.06"]
[SourceVersion "1"]
[SourceVersionDate "2021.10.06"]
[SourceQuality "1"]
[WhiteTeam "Freising SK U20"]
[BlackTeam "Muenchen Suedost SK U20 II"]
[WhiteTeamCountry "GER"]
[BlackTeamCountry "GER"]

1. e4 e6 2. f4 d5 3. Nc3 Bc5 4. Nf3 Nf6 5. e5 Ne4 6. d4 Bb4 7. Bd2 c5 8. Nxe4 dxe4 9. Bxb4 cxb4 10. Ng5 h6 11. Nxe4 Nc6 12. Bb5 0-0 13. Bxc6 bxc6 14. Nd6 Qa5 15. 0-0 Ba6 16. Rf2 c5 17. b3 Qb6 18. Rd2 f6 19. g3 fxe5 20. Nc4 Bxc4 21. bxc4 exd4 22. Qe2 Rae8 23. Rf1 Qd6 24. Qg4 e5 25. Re2 exf4 26. Rxe8 Rxe8 27. Rxf4 Qe6 28. Qxe6+ Rxe6 29. Kf2 Ra6 30. Ke2 Ra3 31. Re4 Rc3 32. Kd2 Kf7 33. Re5 Rxc4 34. Re2 a5 35. Kc1 Rc3 36. Kb2 a4 37. Re4 Re3 38. Rf4+ Ke6 39. Kc1 Re2 40. h4 Rg2 41. g4 Ke5 42. Rf5+ Kd6 43. Rf4 g5 44. hxg5 hxg5 45. Rf6+ Kd5 46. Rf5+ Ke4 47. Rxg5 Kf4 48. Rxc5 Rxg4 49. Rb5 a3 50. Rxb4 Ke4 51. Kd2 Rg2+ 52. Kd1 Rg1+ 53. Kd2 1/2-1/2